000 00571nam a2200217Ia 4500
003 OSt
005 20220928144524.0
006 a|||||r|||| 00| 0
007 ta
008 220927b |||||||| |||| 00| 0 eng d
024 _a71339
037 _cTextual
040 _aSDCL
_cSDCL
_beng
041 _2eng
_aeng
082 _aR12, L5
100 _aAdams Ernest W
_9508003
245 0 _aLogic of conditionals
_b An application of probability to deductive logic.
260 _c1975
942 _hR12, L5
_cTEXL
_2CC
999 _c827519
_d827519